Industrial enterprise and European integration : from national to international champions in Western Europe

Αποθηκεύτηκε σε:
Λεπτομέρειες βιβλιογραφικής εγγραφής
Άλλοι συγγραφείς: Hayward, Jack Ernest Shalom (Επιμελητής έκδοσης)
Μορφή: Βιβλίο
Γλώσσα:English
Δημοσίευση: Oxford : Oxford University Press, 1995
Σειρά:Nuffield European studies
Θέματα:
Ετικέτες: Προσθήκη ετικέτας
Δεν υπάρχουν, Καταχωρήστε ετικέτα πρώτοι!

MARC

LEADER 00000nam a2200000 i 4500
001 1/88214
008 990824s1995 eng d
020 |a 0-19-827972-8 
035 |l 10052482 
040 |a GR-MY-UA  |b gre  |e aacr 
041 0 |a eng 
082 0 |a 338.7094 
245 1 0 |a Industrial enterprise and European integration :  |b from national to international champions in Western Europe /  |c Edited by Jack Hayward 
260 |a Oxford :   |b Oxford University Press,   |c 1995 
300 |a 366 p.  |b tabl. 
490 1 |a Nuffield European studies 
504 |a Includes index 
650 0 0 |a Business enterprises  |x Government policy  |z European Economic Community countries. 
650 0 0 |a Industrial policy  |z European Economic Community countries. 
650 0 0 |a Industries  |z European Economic Community countries. 
700 1 |a Hayward, Jack Ernest Shalom.  |4 edt 
830 0 |a Nuffield European studies 
852 |a INST  |b LESVOS  |e 19990824  |h 338.7094 IND  |p 005100019552  |q 005100019552  |t BK  |y 0 
901 |a BIBL1-1999-2 
909 |a Λ  |b 064410 
922 |a 1ΕΛΗ  |b 199901  |c ΚΠΣ/ΤΓ  |d LEADER 
950 |a 118-1998-07-21 
970 |a ΜΟΥΣΤΑΚΑ  |b ΠΗΝΕΛΟΠΗ  |z 1999/09/09